A HANDBOOK FOR TRAINERS ON PARTICIPAORY LOCAL DEVELOPMENT (Record no. 22119)

000 -LEADER
fixed length control field 00357nam a22001457a 4500
003 - CONTROL NUMBER IDENTIFIER
control field LRUA
005 - DATE AND TIME OF LATEST TRANSACTION
control field 20231106204114.0
008 - FIXED-LENGTH DATA ELEMENTS--GENERAL INFORMATION
fixed length control field 231106b xxu||||| |||| 00| 0 eng d
040 ## - CATALOGING SOURCE
Transcribing agency FAO
082 ## - DEWEY DECIMAL CLASSIFICATION NUMBER
Edition number FAO RAP 2003 C073 Or.
245 ## - TITLE STATEMENT
Title A HANDBOOK FOR TRAINERS ON PARTICIPAORY LOCAL DEVELOPMENT
260 ## - PUBLICATION, DISTRIBUTION, ETC. (IMPRINT)
Name of publisher, distributor, etc. FAO
Date of publication, distribution, etc. 2003
300 ## - PHYSICAL DESCRIPTION
Extent 165P
942 ## - ADDED ENTRY ELEMENTS (KOHA)
Source of classification or shelving scheme
Koha item type សៀវភៅភាសាអង់គ្លេស
Holdings
Price effective from Date last seen Permanent Location Not for loan Date acquired Source of classification or shelving scheme Koha item type Barcode Lost status Damaged status Shelving location Withdrawn status Current Location Full call number
2023-11-062023-11-06Library Block C 2023-11-06 សៀវភៅភាសាអង់គ្លេសrua046460  C073 Library Block CFAO RAP 2003 C073 Or.
មជ្ឈមណ្ឌលឯការនៃសាកលវិទ្យាល័យភូមិន្ទកសិកម្មចំការដូង

Powered by Koha